Odraz transformácie sociálneho zabezpečenia v právnom poriadku Slovenskej republiky od poslednej konferencie (od 1. lúla 1999)

Kvalitatívne a kvantitatívne zmeny v oblasti transformácie sociálneho zabezpečenia. Prehľad kľúčových zákonov upravujúcich problematiku sociálneho zabezpečenia.

Salvato in:
Dettagli Bibliografici
Autore principale: Gajdošíková, Ľudmila
Natura: Capitolo di libro
Lingua:slovacco
Soggetti:
Tags: Aggiungi Tag
Nessun Tag, puoi essere il primo ad aggiungerne!!

MARC

LEADER 00000naa a2200000 4500
001 r044955
005 20230929081428.5
041 0 |a slo 
044 |a SK 
245 1 0 |a Odraz transformácie sociálneho zabezpečenia v právnom poriadku Slovenskej republiky od poslednej konferencie  |b (od 1. lúla 1999)  |c Ľudmila Gajdošíková 
520 |a Kvalitatívne a kvantitatívne zmeny v oblasti transformácie sociálneho zabezpečenia. Prehľad kľúčových zákonov upravujúcich problematiku sociálneho zabezpečenia. 
610 2 0 |a zabezpečenie sociálne 
610 2 0 |a transformácia 
610 2 0 |a Slovensko 
610 2 0 |a úpravy právne 
610 2 0 |a zákony 
100 1 |a Gajdošíková, Ľudmila